ARRUPE JESUIT UNIVERSITY

CORONAVIRUS -STOP THE SPREAD - CLEAN,DISINFECT,COVER

Two theories of morality / (Record no. 121370)

MARC details
000 -LEADER
fixed length control field 00947cam a2200289 i 4500
001 - CONTROL NUMBER
control field 2726383
003 - CONTROL NUMBER IDENTIFIER
control field ARRUPE
005 - DATE AND TIME OF LATEST TRANSACTION
control field 20141202145949.0
008 - FIXED-LENGTH DATA ELEMENTS--GENERAL INFORMATION
fixed length control field 770915s1977 enk b 000 0 eng
010 ## - LIBRARY OF CONGRESS CONTROL NUMBER
LC control number 77367487
015 ## - NATIONAL BIBLIOGRAPHY NUMBER
National bibliography number GB***
020 ## - INTERNATIONAL STANDARD BOOK NUMBER
International Standard Book Number 0197259758 :
Terms of availability £3.00
040 ## - CATALOGING SOURCE
Original cataloging agency DLC
Transcribing agency DLC
Modifying agency DLC
050 00 - LIBRARY OF CONGRESS CALL NUMBER
Classification number BJ1031
Item number .H34
082 00 - DEWEY DECIMAL CLASSIFICATION NUMBER
Classification number 170/.92/2
300 ## - PHYSICAL DESCRIPTION
Dimensions 22 cm.
100 1# - MAIN ENTRY--PERSONAL NAME
Personal name Hampshire, Stuart,
Dates associated with a name 1914-2004.
9 (RLIN) 13001
245 10 - TITLE STATEMENT
Title Two theories of morality /
Statement of responsibility, etc by Stuart Hampshire.
260 ## - PUBLICATION, DISTRIBUTION, ETC. (IMPRINT)
Place of publication, distribution, etc Oxford :
Name of publisher, distributor, etc Published for the British Academy by Oxford University Press,
Date of publication, distribution, etc 1977.
300 ## - PHYSICAL DESCRIPTION
Extent 95, [1] p. ;
440 #0 - SERIES STATEMENT/ADDED ENTRY--TITLE
Title Thank-offering to Britain Fund lectures ;
Volume number/sequential designation 1976
9 (RLIN) 13002
504 ## - BIBLIOGRAPHY, ETC. NOTE
Bibliography, etc Bibliography: p. [96]
600 00 - SUBJECT ADDED ENTRY--PERSONAL NAME
Personal name Aristotle
General subdivision Ethics.
9 (RLIN) 13003
600 10 - SUBJECT ADDED ENTRY--PERSONAL NAME
Personal name Spinoza, Benedictus de,
Dates associated with a name 1632-1677
General subdivision Ethics.
9 (RLIN) 13004
650 #0 - SUBJECT ADDED ENTRY--TOPICAL TERM
Topical term or geographic name as entry element Ethics, Ancient.
9 (RLIN) 9872
906 ## - LOCAL DATA ELEMENT F, LDF (RLIN)
a 7
b cbc
c orignew
d 3
e ncip
f 19
g y-gencatlg
942 ## - ADDED ENTRY ELEMENTS (KOHA)
Source of classification or shelving scheme Library of Congress Classification
Koha item type Monograph ( Printed materials)
Holdings
Withdrawn status Lost status Source of classification or shelving scheme Damaged status Not for loan Collection code Home library Current library Shelving location Date acquired Total Checkouts Full call number Barcode Date last seen Price effective from Koha item type
    Library of Congress Classification     Main Collection ARRUPE LIBRARY ARRUPE LIBRARY Main Collection 02/12/2014   BJ1031 .H34 46500003562 22/09/2016 02/12/2014 Monograph ( Printed materials)

 

Arrupe Library. PO Box MP320 Mt Pleasant, Harare, Zimbabwe
263 242 745411|librarian@aju.ac.zw